[Event "SVK-ch U14"]
[Site "Dudince"]
[Date "2023.04.21"]
[Round "7"]
[White "Benci, Jozef1111"]
[Black "Strapec, Lukas"]
[Result "0-1"]
[WhiteElo "1659"]
[BlackElo "1842"]
[PlyCount "100"]
[EventDate "2023.04.16"]
[EventType "swiss"]
[EventRounds "9"]
[EventCountry "SVK"]
[SourceTitle "CBM 213 Extra"]
[Source "ChessBase"]
[SourceDate "2023.05.31"]
[SourceVersion "1"]
[SourceVersionDate "2023.05.31"]
[SourceQuality "1"]

1. e4 c5 2. Nf3 e6 3. d3 Nc6 4. g3 d6 5. Bg2 Nge7 6. 0-0 g6 7. Nbd2 Bg7 8. Re1 0-0 9. Nf1 Rb8 10. h4 h5 11. Rb1 b5 12. Bf4 e5 13. Be3 Be6 14. Ra1 Bg4 15. N1h2 Be6 16. Qd2 Qc7 17. Bh6 b4 18. Bxg7 Kxg7 19. Ng5 Qd7 20. Nxe6+ Qxe6 21. Nf1 Nd4 22. Ne3 f5 23. exf5 Nexf5 24. a3 b3 25. Qa5 Nxe3 26. Qxa7+ Qf7 27. Qxf7+ Rxf7 28. Rxe3 Nxc2 29. Rae1 Nxe1 30. Rxe1 Rbf8 31. Re2 Ra7 32. Bd5 Rb8 33. Re1 Ra4 34. Re4 Rd4 35. Rxd4 exd4 36. Kg2 Kf6 37. f4 Re8 38. Bxb3 Re2+ 39. Kf3 Re3+ 40. Kf2 Rxd3 41. Bc4 Rd2+ 42. Kf3 Rxb2 43. a4 Rb4 44. Bb5 d5 45. Bc6 Rb3+ 46. Kf2 Ra3 47. Bxd5 Rxa4 48. Kf3 Ra3+ 49. Kf2 Rc3 50. Be4 c4 0-1

[Event "EU Union-ch U12"]
[Site "Kouty nad Desnou"]
[Date "2021.08.16"]
[Round "3.2"]
[White "Strapec, Lukas"]
[Black "Durovka, Marek"]
[Result "1/2-1/2"]
[WhiteElo "1708"]
[BlackElo "1619"]
[PlyCount "38"]
[EventDate "2021.08.14"]
[EventType "swiss"]
[EventRounds "9"]
[EventCountry "CZE"]
[SourceTitle "EXT 2022"]
[Source "ChessBase"]
[SourceDate "2021.10.06"]
[SourceVersion "1"]
[SourceVersionDate "2021.10.06"]
[SourceQuality "1"]

1. d4 d5 2. c4 c6 3. Nc3 Nf6 4. Nf3 dxc4 5. a4 Bf5 6. e3 e6 7. Bxc4 Bb4 8. 0-0 0-0 9. Qe2 Nbd7 10. Bd2 Qc7 11. Rfd1 e5 12. d5 Bg4 13. dxc6 Qxc6 14. Bb5 Bxf3 15. gxf3 Qe6 16. Bxd7 Nxd7 17. Nb5 Bxd2 18. Qxd2 Nc5 19. Qb4 Qg6+ 1/2-1/2

[Event "Piestany Slovakia op"]
[Site "Piestany"]
[Date "2021.07.13"]
[Round "4"]
[White "Strapec, Lukas"]
[Black "Svobodova, Michaela"]
[Result "1-0"]
[WhiteElo "1666"]
[BlackElo "1975"]
[PlyCount "103"]
[EventDate "2021.07.10"]
[EventType "swiss"]
[EventRounds "9"]
[EventCountry "SVK"]
[SourceTitle "CBM 203 Extra"]
[Source "ChessBase"]
[SourceDate "2021.09.30"]
[SourceVersion "1"]
[SourceVersionDate "2021.09.30"]
[SourceQuality "1"]

1. d4 d5 2. c4 c6 3. Nc3 Nf6 4. Nf3 a6 5. e3 b5 6. b3 Bf5 7. Bb2 e6 8. Bd3 Bxd3 9. Qxd3 Nbd7 10. 0-0 Bd6 11. e4 b4 12. e5 bxc3 13. Bxc3 Be7 14. exf6 Nxf6 15. Ne5 Qb6 16. b4 0-0 17. Rab1 Rfd8 18. c5 Qc7 19. a4 Rdb8 20. h3 Ne4 21. f3 Ng3 22. Rfc1 Bg5 23. Rc2 Bf4 24. Qd1 Be3+ 25. Kh2 Nf5 26. Kh1 f6 27. g4 Ng3+ 28. Kg2 fxe5 29. dxe5 Bf4 30. Qd4 Rf8 31. Be1 Bxe5 32. Qd3 Rf7 33. f4 Ne4 34. fxe5 Qxe5 35. b5 axb5 36. axb5 cxb5 37. c6 Rc8 38. Qxb5 Rfc7 39. Rbc1 Nd6 40. Qd3 Nc4 41. Bg3 Ne3+ 42. Kh2 Qg5 43. Rc3 d4 44. Qxd4 Nd5 45. Bxc7 Nxc3 46. Qd7 Ra8 47. Rxc3 h5 48. Qxe6+ Kh8 49. Re3 h4 50. Re2 Qc1 51. Be5 Qf1 52. Qh6+ 1-0

[Event "SVK-ch U12"]
[Site "Stara Lubovna"]
[Date "2021.07.03"]
[Round "9"]
[White "Benci, Jozef1111"]
[Black "Strapec, Lukas"]
[Result "0-1"]
[WhiteElo "1182"]
[BlackElo "1705"]
[PlyCount "70"]
[EventDate "2021.06.26"]
[EventType "swiss"]
[EventRounds "9"]
[EventCountry "SVK"]
[SourceTitle "CBM 203 Extra"]
[Source "ChessBase"]
[SourceDate "2021.09.30"]
[SourceVersion "1"]
[SourceVersionDate "2021.09.30"]
[SourceQuality "1"]

1. e4 c5 2. Nc3 Nc6 3. f4 g6 4. Nf3 Bg7 5. Bb5 Nd4 6. 0-0 Nxb5 7. Nxb5 a6 8. Nc3 b5 9. Qe1 Bb7 10. d3 e6 11. f5 Ne7 12. Ng5 Bd4+ 13. Be3 h6 14. Nxf7 Kxf7 15. fxg6+ Kg8 16. Bxd4 cxd4 17. Qf2 Qe8 18. Qxd4 Nxg6 19. Rf3 e5 20. Qd6 Qe6 21. Qc7 Qc6 22. Qa5 Kg7 23. Rg3 Rhf8 24. h4 Qc5+ 25. Kh1 Rf4 26. Rg1 Rxh4+ 27. Rh3 Rxh3+ 28. gxh3 Rf8 29. Ne2 Kh7 30. Qd2 Rf2 31. Qd1 Qe3 32. Rg3 Qxe2 33. Qg1 Rf1 34. Rxg6 Rxg1+ 35. Rxg1 Qxc2 0-1

[Event "Nizami Ganjavi 880 years U17"]
[Site "Tornelo INT"]
[Date "2021.04.04"]
[Round "9.11"]
[White "Strapec, Lukas"]
[Black "Hald Falkesgaard, Jeppe"]
[Result "1-0"]
[WhiteElo "1705"]
[BlackElo "1986"]
[PlyCount "107"]
[EventDate "2021.04.02"]
[EventType "team-swiss (blitz)"]
[EventRounds "9"]
[EventCountry "AZE"]
[SourceTitle "EXT 2023"]
[Source "ChessBase"]
[SourceDate "2022.10.05"]
[SourceVersion "1"]
[SourceVersionDate "2022.10.05"]
[SourceQuality "1"]
[WhiteTeam "Slovakia"]
[BlackTeam "Denmark"]
[WhiteTeamCountry "SVK"]
[BlackTeamCountry "DEN"]

1. d4 Nf6 2. c4 g6 3. Nc3 Bg7 4. e4 d6 5. Nf3 0-0 6. Be2 e5 7. 0-0 Nc6 8. Be3 Ng4 9. d5 Nxe3 10. fxe3 Ne7 11. b4 f5 12. c5 fxe4 13. Nxe4 dxc5 14. bxc5 Nxd5 15. Bc4 c6 16. Nc3 Be6 17. Qb3 Qe7 18. Nxd5 cxd5 19. Bxd5 Bxd5 20. Qxd5+ Kh8 21. Rab1 Rad8 22. Rxb7 Rxd5 23. Rxe7 Rxc5 24. Rxa7 Bh6 25. Re1 Rc3 26. Ra5 e4 27. Ng5 Bxg5 28. Rxg5 Rc2 29. a4 Ra2 30. a5 Rf5 31. Rg4 Rff2 32. Rf1 Rxf1+ 33. Kxf1 Rxa5 34. Rxe4 Kg7 35. Kf2 Kf6 36. Kf3 g5 37. Kg4 Ra2 38. Kf3 h5 39. h3 Kf5 40. Rb4 Ra3 41. g4+ hxg4+ 42. hxg4+ Kf6 43. Ke4 Ra6 44. Kd4 Rd6+ 45. Kc5 Ke5 46. Re4+ Kxe4 47. Kxd6 Kxe3 48. Ke5 Kd3 49. Kf5 Kd4 50. Kxg5 Ke5 51. Kg6 Ke6 52. g5 Ke7 53. Kh7 Kf8 54. g6 1-0

[Event "Wch FIDE Online U10 Europe qual"]
[Site "Tornelo INT"]
[Date "2020.12.07"]
[Round "2"]
[White "Strapec, Lukas"]
[Black "Ivanov, Andrey7777"]
[Result "1-0"]
[WhiteElo "1622"]
[BlackElo "1522"]
[PlyCount "49"]
[EventDate "2020.12.07"]
[EventType "swiss (rapid)"]
[EventRounds "7"]
[EventCountry "ISS"]
[SourceTitle "EXT 2022"]
[Source "ChessBase"]
[SourceDate "2021.10.06"]
[SourceVersion "1"]
[SourceVersionDate "2021.10.06"]
[SourceQuality "1"]

1. d4 Nf6 2. c4 e6 3. Nc3 Bb4 4. Qc2 0-0 5. a3 Bxc3+ 6. Qxc3 d5 7. Bf4 Nc6 8. Nf3 Ne4 9. Qc2 Nf6 10. e3 Bd7 11. Bd3 h6 12. 0-0 dxc4 13. Bxc4 Nd5 14. Bg3 Rc8 15. e4 Nb6 16. Be2 Qf6 17. Rfd1 Rfd8 18. b4 a6 19. Be5 Nxe5 20. dxe5 Qe7 21. Qb2 Bc6 22. Bd3 Rd7 23. Rd2 Rcd8 24. Rad1 Rd6 25. exd6 1-0

[Event "SVK-ch U10"]
[Site "Lubovna"]
[Date "2020.08.17"]
[Round "3"]
[White "Ziman, Damian"]
[Black "Strapec, Lukas"]
[Result "0-1"]
[WhiteElo "1115"]
[BlackElo "1517"]
[PlyCount "92"]
[EventDate "2020.08.15"]
[EventType "swiss"]
[EventRounds "9"]
[EventCountry "SVK"]
[SourceTitle "EXT 2021"]
[Source "ChessBase"]
[SourceDate "2020.10.23"]
[SourceVersion "1"]
[SourceVersionDate "2020.10.23"]
[SourceQuality "1"]

1. e4 c5 2. Nf3 d6 3. d4 cxd4 4. Nxd4 Nf6 5. Nc3 g6 6. Be3 Bg7 7. f3 0-0 8. Bc4 Nc6 9. Qd2 Bd7 10. Bb3 Rc8 11. 0-0-0 Ne5 12. h4 Nc4 13. Bxc4 Rxc4 14. Bh6 Nxe4 15. Nxe4 Rxd4 16. Qe3 Qb6 17. Rxd4 Bxd4 18. Qa3 Rc8 19. h5 Bf5 20. g4 Bxe4 21. fxe4 Qc6 22. Qd3 Qc4 23. Qxc4 Rxc4 24. c3 Bg7 25. Bxg7 Kxg7 26. Re1 gxh5 27. gxh5 Rc5 28. Rh1 Kh6 29. Kd2 Rxh5 30. Rxh5+ Kxh5 31. Kd3 Kg4 32. Kd4 h5 33. b4 h4 34. c4 h3 35. c5 h2 36. cxd6 exd6 37. Kd5 h1Q 38. Kxd6 Qxe4 39. b5 Qb4+ 40. Ke5 Qxb5+ 41. Kd4 Kf4 42. Kc3 Ke3 43. Kc2 Qd3+ 44. Kb2 Kd2 45. Ka1 Kc1 46. a3 Qxa3# 0-1

[Event "Drienica Saris op"]
[Site "Drienica"]
[Date "2020.08.13"]
[Round "7"]
[White "Sevcikova, Lucia"]
[Black "Strapec, Lukas"]
[Result "1-0"]
[WhiteElo "2017"]
[BlackElo "1517"]
[PlyCount "119"]
[EventDate "2020.08.07"]
[EventType "swiss"]
[EventRounds "9"]
[EventCountry "SVK"]
[SourceTitle "CBM 197 Extra"]
[Source "ChessBase"]
[SourceDate "2020.09.30"]
[SourceVersion "1"]
[SourceVersionDate "2020.09.30"]
[SourceQuality "1"]

1. e4 c5 2. c3 Nf6 3. e5 Nd5 4. d4 cxd4 5. Nf3 Nc6 6. cxd4 d6 7. Bc4 Nb6 8. Bb5 d5 9. Nc3 Bf5 10. Bg5 Rc8 11. 0-0 h6 12. Bh4 a6 13. Bd3 Bg4 14. Be2 Qd7 15. Rc1 e6 16. Na4 Nxa4 17. Qxa4 Be7 18. Bxe7 Nxe7 19. Rxc8+ Nxc8 20. Qa5 Bxf3 21. Bxf3 Ne7 22. Rc1 Nc6 23. Qb6 0-0 24. Be2 Rc8 25. g3 Qc7 26. Qc5 Qd7 27. Rc3 Ne7 28. Qb4 Rxc3 29. Qxc3 Qc6 30. Qc5 Qxc5 31. dxc5 Nc6 32. f4 Kf8 33. Kf2 Ke7 34. Ke3 Kd7 35. a3 Ne7 36. b4 Kc6 37. g4 g6 38. a4 b5 39. axb5+ axb5 40. Bd3 h5 41. h3 Ng8 42. f5 hxg4 43. fxg6 fxg6 44. hxg4 g5 45. Bg6 Kd7 46. c6+ Kxc6 47. Bf7 Ne7 48. Bxe6 Ng6 49. Kd4 Nf4 50. Bf7 Ne2+ 51. Ke3 Nf4 52. Be8+ Kb6 53. Bd7 Ng6 54. Kd4 Ne7 55. e6 Ka6 56. Kc5 Kb7 57. Kd6 d4 58. Kxe7 d3 59. Bxb5 d2 60. Be2 1-0